| 000 | 00374nam a2200145Ia 4500 | ||
|---|---|---|---|
| 008 | 230917s9999||||xx |||||||||||||| ||und|| | ||
| 040 |
_e37860 _aMAIN |
||
| 041 | _aEnglish | ||
| 082 | _a823.7 T325V | ||
| 100 | _aThackeray, Willian Makepeace | ||
| 245 | 0 | _aVanity fair: A novel without a hero | |
| 260 |
_aNew York _bSignet Classic _c1962 |
||
| 300 | _a828 p. | ||
| 942 | _cBK | ||
| 999 |
_c62354 _d62354 |
||